000 00566nam a22001817a 4500
005 20170823105100.0
010 _aENG-119981
020 _a9788179664353
_c100.00
035 _aEN-103513
037 _bDBAD/PUB
082 _a494.911
100 _aIlakkuvanar, Maraimalai
245 _aIn defense of classical tamil /
_cby Maraimalai Ilakkuvanar
260 _aChennai
_bEmerald Publishers
_c2017
270 _a15A, First Floor, Casa Major Road, Egmore,
_bChennai
_e600008
300 _a80p. :
_bill.
_c22cm(pbk)
942 _2ddc
_cEN
_h494.911
_kILA
999 _c143679
_d143679